[Event "Avoine op 15th"]
[Site "Avoine"]
[Date "2000.07.26"]
[Round "5"]
[White "Wuts, Frank"]
[Black "Nevednichy, Vladislav"]
[Result "0-1"]
[WhiteElo "2338"]
[BlackElo "2582"]
[PlyCount "136"]
[EventDate "2000.07.03"]
[EventType "swiss"]
[EventRounds "9"]
[EventCountry "FRA"]
[SourceTitle "EXT 2001"]
[Source "ChessBase"]
[SourceDate "2000.11.22"]
[SourceVersion "1"]
[SourceVersionDate "2000.11.22"]
[SourceQuality "1"]

1. d4 Nf6 2. c4 g6 3. Nc3 Bg7 4. e4 d6 5. Nf3 0-0 6. Be2 e5 7. dxe5 dxe5 8. 0-0 Nbd7 9. Qc2 c6 10. Rd1 Qe7 11. h3 Nh5 12. a3 Nf4 13. Bf1 Ne6 14. Ne2 a5 15. b3 Ndc5 16. Bb2 a4 17. b4 Nb3 18. Ra2 Ng5 19. Nxg5 Qxg5 20. Rd3 f5 21. Nc3 Nd4 22. Qd1 Qf6 23. Bc1 Be6 24. Rb2 Qf7 25. exf5 gxf5 26. Nxa4 f4 27. Nc5 Bxc4 28. Rc3 Bxf1 29. Kxf1 f3 30. Ne4 Qd5 31. Qd3 Nb5 32. Qxd5+ cxd5 33. Rc5 dxe4 34. Rxb5 Rxa3 35. Rb1 Rd3 36. Be3 Rfd8 37. Kg1 R8d7 38. Rc1 Rd1+ 39. Rxd1 Rxd1+ 40. Kh2 fxg2 41. Kxg2 Rd7 42. Rc5 Kf7 43. Rc4 Ke6 44. Rxe4 b5 45. Bc5 Kd5 46. Re1 Rf7 47. Rd1+ Kc4 48. Re1 Bf6 49. Kg3 Bg5 50. Kg4 Bf4 51. Re4+ Kd3 52. Re1 Kd2 53. Ra1 Kc3 54. Kf3 Kc4 55. Ke4 Bd2 56. Rg1 Bc3 57. Rg4 Bd4 58. f4 Bxc5 59. bxc5 exf4 60. c6 Kc5 61. c7 Rxc7 62. Kxf4 Re7 63. h4 b4 64. h5 b3 65. Rg8 Rb7 66. Rc8+ Kb4 67. Rc1 b2 68. Re1 Kc3 0-1